000 01025nam a22002657a 4500
001 13385074
005 20230622084717.0
008 230622b |||||||| |||| 00| 0 eng d
010 _a 2003023583
020 _a0632057998 (pbk. : alk. paper)
040 _aDLC
_cDLC
_dDLC
_erda
042 _apcc
050 0 0 _aQL 751 Sco
100 1 _aScott, Graham
_q(Graham W.)
245 1 0 _aEssential animal behavior /
_cGraham Scott.
260 _aMalden, MA :
_bBlackwell Pub.,
_cc2005.
300 _axii, 202 p. :
_bill. (chiefly col.) ;
_c25 cm.
504 _aIncludes bibliographical references and index.
650 0 _aAnimal behavior.
856 4 1 _3Table of contents
_uhttp://www.loc.gov/catdir/toc/ecip0410/2003023583.html
856 4 2 _3Book review (E-STREAMS)
_uhttp://www.e-streams.com/es0802/es0802_3954.html
906 _a7
_bcbc
_corignew
_d1
_eecip
_f20
_gy-gencatlg
942 _2lcc
_cBK
_n0
999 _c451
_d451